Cơ học ứng dụng T.1 Cơ học ứng dụng
Giới thiệu những kiến thức cơ học ứng dụng cơ bản nhất và làm rõ nền tảng cơ học thống nhất của các kiến thức đó thông qua các mô hình vật thể: vật rắn tuyệt đối, vật rắn biến dạng. Nguyên lí hoạt động và các cơ sở tính toán về độ bền và tuổi thọ...của các cơ cấu và kết cấu thường gặp...
Đã lưu trong:
| 主要作者: | |
|---|---|
| 格式: | 图书 |
| 语言: | Vietnamese |
| 出版: |
H.
Đại học sư phạm
2003
|
| 主题: | |
| 标签: |
添加标签
没有标签, 成为第一个标记此记录!
|
| Thư viện lưu trữ: | Mạng thư viện Đại học Đà Nẵng |
|---|
| LEADER | 01561nam a2200361 4500 | ||
|---|---|---|---|
| 001 | 000008191 | ||
| 003 | 4375 | ||
| 005 | 20111017091026.0 | ||
| 008 | 111014s2003 viesd | ||
| 020 | |c 21000đ | ||
| 041 | 0 | |a vie | |
| 082 | |a 531.3 |b ĐA-H | ||
| 100 | 0 | |a Đào Xuân Huệ | |
| 245 | 1 | 0 | |a Cơ học ứng dụng |c Đào Xuân Huệ |n T.1 |p Cơ học ứng dụng |
| 260 | |a H. |b Đại học sư phạm |c 2003 | ||
| 300 | |a 267tr : hình vẽ |c 21cm | ||
| 500 | |a Thư mục: tr. 267 | ||
| 520 | |a Giới thiệu những kiến thức cơ học ứng dụng cơ bản nhất và làm rõ nền tảng cơ học thống nhất của các kiến thức đó thông qua các mô hình vật thể: vật rắn tuyệt đối, vật rắn biến dạng. Nguyên lí hoạt động và các cơ sở tính toán về độ bền và tuổi thọ...của các cơ cấu và kết cấu thường gặp | ||
| 653 | |a Cơ học ứng dụng | ||
| 653 | |a Giáo trình | ||
| 700 | |a Đào Xuân Huệ |e Tác giả | ||
| 773 | |t Cơ học ứng dụng |w 4369 | ||
| 910 | |a MPhuong |d 14/10/11 | ||
| OWN | |a LSP | ||
| AVA | |a UDN50 |b LSP |d 531.3 ĐA-H |e available |t Error 5001 Not defined in file expand_doc_bib_avail. |f 5 |g 0 |h N |i 0 |k 1 | ||
| 999 | |a From the UDN01 | ||
| AVA | |a UDN50 |b LSP |d 531.3 ĐA-H |e available |t Error 5001 Not defined in file expand_doc_bib_avail. |f 5 |g 0 |h N |i 0 |k 1 | ||
| TYP | |a Monograph | ||
| TYP | |a Printed language | ||
| 980 | |a Mạng thư viện Đại học Đà Nẵng | ||